Historia de las doctrinas relativas al crédito y a la moneda (Registro nro. 6052)

Detalles MARC
000 -LEADER
fixed length control field 01397 a2200217 4500
001 - CONTROL NUMBER
control field 56790
005 - DATE AND TIME OF LATEST TRANSACTION
control field 20260407155831.0
008 - FIXED-LENGTH DATA ELEMENTS--GENERAL INFORMATION
fixed length control field 260407a1945 arg spa d
003 - CONTROL NUMBER IDENTIFIER
control field AR-UNSa-BCEJYS
040 ## - CATALOGING SOURCE
Original cataloging agency AR-UNSa-BCEJYS
Language of cataloging spa
Transcribing agency AR-UNSa-BCEJYS
080 ## - UNIVERSAL DECIMAL CLASSIFICATION NUMBER
Universal Decimal Classification number 330.8
Common auxiliary subdivision Historia de las teorías, Doctrinas, Dogmas económicos (pensamiento económico)
041 ## - LANGUAGE CODE
Language code of text/sound track or separate title spa
100 1# - MAIN ENTRY--PERSONAL NAME
Personal name Rist, Charles
245 10 - TITLE STATEMENT
Title Historia de las doctrinas relativas al crédito y a la moneda
Name of part/section of a work desde John Law hasta la actualidad
264 #1 - PRODUCTION, PUBLICATION, DISTRIBUTION, MANUFACTURE, AND COPYRIGHT NOTICE
Place of production, publication, distribution, manufacture Barcelona :
Name of producer, publisher, distributor, manufacturer Bosch
Date of production, publication, distribution, manufacture, or copyright notice 1945
300 ## - PHYSICAL DESCRIPTION
Extent 498 p.
Dimensions 22 cm.
505 ## - FORMATTED CONTENTS NOTE
Formatted contents note 1. Confusión del crédito y de la moneda en la economía política del siglo XVIII – 2. La acción de los metales preciosos sobre el nivel de los precios y sobre el tipo de int5eres según las doctrinas del siglo XVIII – 3. Thornton, Ricardo y el “Bullion Report” – 4. El historiador Tooke y el lógico Ricardo – 5. Tooke, creador de la doctrina del crédito. Controversia del “Currency” y del “Banking Principles” – 6. Producción de oro y movimiento de los precios (1850 – 1936) – 7. Mecanismo de acción del oro y del tipo de descuento sobre los precios – 8. La teoría general de la moneda a principios del siglo XX – 9. La teoría de los bancos centrales de emisión
590 ## - LOCAL NOTE (RLIN)
Local note niveau_biblio:m niveau_hierar:0
700 1# - ADDED ENTRY--PERSONAL NAME
Personal name Schop Santos, Ernesto
942 ## - ADDED ENTRY ELEMENTS (KOHA)
Koha item type
Existencias
Withdrawn status Lost status Damaged status Not for loan Home library Current library Shelving location Date acquired Total checkouts Full call number Barcode Date last seen Price effective from Koha item type
        Biblioteca Prof. Eusebio Cleto del Rey Biblioteca Prof. Eusebio Cleto del Rey   07/04/2026   330.8 R597 L20727 07/04/2026 07/04/2026 Libro